000 00625cam a22002293a 4500
001 2301
003 PGUSA
005 20140828083013.0
008 060517s2006||||xxu|||||s|||||000 1 eng d
040 _aPGUSA
_beng
042 _adc
050 4 _aPR
100 1 _aReade, Charles,
_d1814-1884
245 1 2 _aA Simpleton
_h[electronic resource] /
_cCharles Reade
260 _bProject Gutenberg,
_c2006
506 _aPublic domain in the USA.
516 _aElectronic text
653 _aEnglish fiction -- 19th century
830 0 _aProject Gutenberg
_v2301
856 4 0 _uhttp://www.gutenberg.org/ebooks/2301
942 _cEB
999 _c231638
_d231638